Allergy Relief (Record no. 25907)

MARC details
000 -LEADER
fixed length control field 00462nam a22001817a 4500
005 - DATE AND TIME OF LATEST TRANSACTION
control field 20230711121835.0
008 - FIXED-LENGTH DATA ELEMENTS--GENERAL INFORMATION
fixed length control field 230711b |||||||| |||| 00| 0 eng d
020 ## - INTERNATIONAL STANDARD BOOK NUMBER
ISBN 9780895299970
082 ## - DEWEY DECIMAL CLASSIFICATION NUMBER
Classification number 616.979
Item number GOL-A
100 ## - MAIN ENTRY--AUTHOR
Author Name Goldfarb, Sylvia
245 ## - TITLE STATEMENT
Title Allergy Relief
Remainder of title Effective Natural Allergy Treatments
260 ## - PUBLICATION, DISTRIBUTION, ETC.
Place of Publication CANADA
Name of publisher, distributor, etc. AVERY
Date of publication, distribution, etc. 2000
300 ## - PHYSICAL DESCRIPTION
Pages 170
500 ## - GENERAL NOTE
General note INCLUIDE INDEX
650 ## - SUBJECT ADDED ENTRY--TOPICAL TERM
Subject / Department Medical
700 ## - ADDED ENTRY--PERSONAL NAME
Personal name Sylvia Goldfarb
952 ## - LOCATION AND ITEM INFORMATION (KOHA)
-- 0
-- 0
Holdings
Lost status Damaged status Permanent Location Current Location Shelving Location Date acquired Full Call Number Accession No./Barcode Date last seen item type
    Superior Information Resource Center (SIRC) Superior University- Central Library Superior Information Resource Center (SIRC) Superior University- Central Library Medical 07/11/2023 616.979 GOL-A 2000 20027 07/11/2023 BOOK

Powered by Koha